| 000 | 02384nam a22002777a 4500 | ||
|---|---|---|---|
| 001 | 54244 | ||
| 003 | UA-OsUOA | ||
| 005 | 20260629150608.0 | ||
| 007 | ta | ||
| 008 | 20170531b un ||||| |||| 00| 0 ukr d | ||
| 020 | _a9789662164572 | ||
| 040 |
_aUA-OsUOA _bukr _cUA-OsUOA _dUA-OsUOA |
||
| 041 | _aukr | ||
| 080 | _a82-94 | ||
| 090 |
_a82-94 _bК43 |
||
| 100 |
_aКириченко С. _925527 |
||
| 245 | _aЛюди не зі страху. Українська сага. Спогади | ||
| 260 |
_aК. _bСмолоскип _c2013 |
||
| 300 | _a920 с. | ||
| 520 | _aСпогади Світлани Кириченко, активної учасниці українського визвольного руху 60 — 80-х років минулого століття, відзначаються багатогранним змістом і своєрідним художнім стилем. Це історичного масштабу унікальні свідчення про себе та епоху, про відомі провід ні постаті новітньої доби нашого національного пробудження, про десятки рядових творців суспільних обставин. До видання увійшли також вибрані статті авторки. З огляду на обмежений обсяг до нього не потрапили спогади про Василя Стуса «Птах піднебесний», що, сподіваємося, невдо взі побачать світ окремою книжкою. «Люди не зі страху» друкувалися в газеті «Молодь України», у журналах «Дніпро» і «Кур'єр Кривбасу», звучали на хвилях національного радіоканалу «Культура». | ||
| 650 | 7 |
_a82-94 Історія як літературний жанр. Історичні твори. Історіографія. Хроніки. Аннали, літописи. Мемуари. Спогади. Щоденники. Біографії. Автобіографії _2UDC _92061 |
|
| 942 |
_cBK _2udc |
||
| 955 | _a3 | ||
| 999 |
_c434361 _d434361 |
||